| 000 | 00624nam a2200241Ia 4500 | ||
|---|---|---|---|
| 008 | 210210b2010 xxu||||| |||| 00| 0 eng d | ||
| 020 | _a9780195671766 | ||
| 041 | _aeng | ||
| 082 | _a954.04 PAGP | ||
| 100 | _aPAGE (David) | ||
| 245 | _aPartition omnibus | ||
| 260 |
_aNew Delhi _bOxford University Press _c2010 |
||
| 300 | _axlvii,1213 | ||
| 650 | _astern reckoning | ||
| 650 | _aprelude to partition | ||
| 650 | _aPartition | ||
| 650 | _aorgins of the partition of India | ||
| 650 | _aomnibus | ||
| 650 | _adivideand quit | ||
| 690 | _aIndian History | ||
| 700 | _aSINGH (Anita Inder) | ||
| 906 | _a064483 | ||
| 999 |
_c141447 _d141447 |
||